ARRUPE JESUIT UNIVERSITY

CORONAVIRUS -STOP THE SPREAD - CLEAN,DISINFECT,COVER

The greatness guide : (Record no. 127860)

MARC details
000 -LEADER
fixed length control field 01363cam a2200301 a 4500
001 - CONTROL NUMBER
control field 14558012
003 - CONTROL NUMBER IDENTIFIER
control field ARRUPE
005 - DATE AND TIME OF LATEST TRANSACTION
control field 20180406105624.0
008 - FIXED-LENGTH DATA ELEMENTS--GENERAL INFORMATION
fixed length control field 060919s2006 nyu 000 0 eng
010 ## - LIBRARY OF CONGRESS CONTROL NUMBER
LC control number 2006051669
020 ## - INTERNATIONAL STANDARD BOOK NUMBER
International Standard Book Number 0061229881
020 ## - INTERNATIONAL STANDARD BOOK NUMBER
International Standard Book Number 9780061229886
035 ## - SYSTEM CONTROL NUMBER
System control number (OCoLC)ocm71779115
040 ## - CATALOGING SOURCE
Original cataloging agency DLC
Transcribing agency DLC
Modifying agency IG#
-- BAKER
-- JRZ
-- OCLCQ
-- YDXCP
-- BTCTA
-- BUR
-- DLC
050 00 - LIBRARY OF CONGRESS CALL NUMBER
Classification number BF637.S8
Item number S438 2006
082 00 - DEWEY DECIMAL CLASSIFICATION NUMBER
Classification number 158.1
Edition number 22
300 ## - PHYSICAL DESCRIPTION
Dimensions 22 cm.
100 1# - MAIN ENTRY--PERSONAL NAME
Personal name Sharma, Robin S.
Fuller form of name (Robin Shilp),
Dates associated with a name 1964-
9 (RLIN) 41309
245 14 - TITLE STATEMENT
Title The greatness guide :
Statement of responsibility, etc Robin Sharma.
260 ## - PUBLICATION, DISTRIBUTION, ETC. (IMPRINT)
Place of publication, distribution, etc London :
Name of publisher, distributor, etc Harper Element,
Date of publication, distribution, etc 2006.
300 ## - PHYSICAL DESCRIPTION
Extent 221 p. ;
650 #0 - SUBJECT ADDED ENTRY--TOPICAL TERM
Topical term or geographic name as entry element Success
General subdivision Psychological aspects.
9 (RLIN) 13452
650 #0 - SUBJECT ADDED ENTRY--TOPICAL TERM
Topical term or geographic name as entry element Success in business
General subdivision Psychological aspects.
9 (RLIN) 41310
856 42 - ELECTRONIC LOCATION AND ACCESS
Materials specified Contributor biographical information
Uniform Resource Identifier <a href="http://www.loc.gov/catdir/enhancements/fy0911/2006051669-b.html">http://www.loc.gov/catdir/enhancements/fy0911/2006051669-b.html</a>
856 42 - ELECTRONIC LOCATION AND ACCESS
Materials specified Publisher description
Uniform Resource Identifier <a href="http://www.loc.gov/catdir/enhancements/fy0911/2006051669-d.html">http://www.loc.gov/catdir/enhancements/fy0911/2006051669-d.html</a>
906 ## - LOCAL DATA ELEMENT F, LDF (RLIN)
a 7
b cbc
c orignew
d 1
e ocip
f 20
g y-gencatlg
942 ## - ADDED ENTRY ELEMENTS (KOHA)
Source of classification or shelving scheme Library of Congress Classification
Koha item type Monograph ( Printed materials)
Holdings
Withdrawn status Lost status Source of classification or shelving scheme Damaged status Not for loan Collection code Home library Current library Shelving location Date acquired Total Checkouts Full call number Barcode Date last seen Price effective from Koha item type
    Library of Congress Classification     Main Collection ARRUPE LIBRARY ARRUPE LIBRARY Main Collection 06/04/2018   BF637.S8 S438 2006 46600001711 06/04/2018 06/04/2018 Monograph ( Printed materials)

 

Arrupe Library. PO Box MP320 Mt Pleasant, Harare, Zimbabwe
263 242 745411|librarian@aju.ac.zw